000 01225nam a2200313 i 4500
003 EG-GICUC
005 20260218092603.0
008 260112s1988 ua |||fr|||| 00| 0 d
040 _a EG-GICUC
_bara
_c EG-GICUC
_d EG-GICUC
_erda
044 _aAra
082 0 4 _221
_a343.81
_bع ب . ت
092 0 4 _221
099 _aLaw1 10 343.81 ع ب . ت 1988
100 0 _aعبدالرحمن شعبان عطيات
_eمؤلف.
245 1 2 _aالتحقيق العلمى للكشف عن مسببات الحريق العمد /
_cتأليف الدكتور عبدالرحمن شعبان عطيات.
264 1 _aالرياض :
_bالمركز العربى للدراسات الأمنية والتدريب،
_c1988.
300 _a110 صفحة؛
_c24 سم.
336 _2rda content
_atext
337 _2rda media
_aComputer
338 _2rda carrier
_aOnline Resource
504 _a ببليوجرافيا: صفحات104-106.
546 _aالنص باللغة العربية
650 1 _aالتحقيق الجنائى الفنى
_2qrmak
650 1 _aالقانون الجنائى
_2qrmak
651 1 _2qrmak
856 4 0 _uhttps://fll.law.cu.edu.eg/fulltext/bks/B10-07756.pdf
905 _a54
942 _2ddc
_cBK
_e21
_n0
999 _c56622
_d56622